[Event "Nuremberg op"]
[Site "Nuremberg"]
[Date "2019.11.17"]
[Round "4"]
[White "Oram, Thomas"]
[Black "Vemmer, Tobias"]
[Result "1-0"]
[WhiteElo "1569"]
[BlackElo "1328"]
[PlyCount "35"]
[EventDate "2019.11.15"]
[EventType "swiss"]
[EventRounds "5"]
[EventCountry "GER"]
[SourceTitle "CBM 193 Extra"]
[Source "ChessBase"]
[SourceDate "2020.01.31"]
[SourceVersion "1"]
[SourceVersionDate "2020.01.31"]
[SourceQuality "1"]

1. e4 c5 2. Nf3 d6 3. d4 cxd4 4. Nxd4 Nf6 5. Nc3 g6 6. Be3 Bg7 7. f3 a6 8. Qd2 0-0 9. 0-0-0 Re8 10. Kb1 b5 11. Nce2 Bb7 12. h4 Nbd7 13. g4 Nb6 14. Bh6 Nc4 15. Qc1 Bh8 16. Ng3 Qb6 17. Ngf5 gxf5 18. Qg5+ 1-0

[Event "Nuremberg op"]
[Site "Nuremberg"]
[Date "2019.11.15"]
[Round "1"]
[White "Vemmer, Tobias"]
[Black "Corral, Carlos"]
[Result "0-1"]
[WhiteElo "1328"]
[BlackElo "1874"]
[PlyCount "44"]
[EventDate "2019.11.15"]
[EventType "swiss"]
[EventRounds "5"]
[EventCountry "GER"]
[SourceTitle "CBM 193 Extra"]
[Source "ChessBase"]
[SourceDate "2020.01.31"]
[SourceVersion "1"]
[SourceVersionDate "2020.01.31"]
[SourceQuality "1"]

1. e4 c5 2. Nf3 Nc6 3. d4 cxd4 4. Nxd4 g6 5. Nc3 Bg7 6. Be3 Nf6 7. Qd2 0-0 8. f3 d5 9. Nxc6 bxc6 10. exd5 Nxd5 11. Nxd5 cxd5 12. c3 e5 13. Bh6 Qh4+ 14. g3 Qxh6 15. Qxd5 Qe3+ 16. Be2 Ba6 17. c4 Rad8 18. Qa5 Bxc4 19. Kf1 Qxf3+ 20. Kg1 Qe3+ 21. Kg2 Qxe2+ 22. Kh3 Be6+ 0-1

[Event "Landesliga Nord U20 1819"]
[Site "Bayern"]
[Date "2019.01.26"]
[Round "5.3"]
[White "Handschuh, Felix"]
[Black "Vemmer, Tobias"]
[Result "0-1"]
[WhiteElo "1357"]
[BlackElo "1323"]
[PlyCount "58"]
[EventDate "2018.11.17"]
[EventType "team-tourn"]
[EventRounds "7"]
[EventCountry "GER"]
[SourceTitle "EXT 2022"]
[Source "ChessBase"]
[SourceDate "2021.10.06"]
[SourceVersion "1"]
[SourceVersionDate "2021.10.06"]
[SourceQuality "1"]
[WhiteTeam "Ergolding FC U20 II"]
[BlackTeam "Jaecklechemie SC U20"]
[WhiteTeamCountry "GER"]
[BlackTeamCountry "GER"]

1. e4 c5 2. b3 Nf6 3. e5 Nd5 4. Bc4 Nb6 5. d3 Nxc4 6. dxc4 Nc6 7. Bb2 g6 8. e6 f6 9. exd7+ Qxd7 10. Qxd7+ Bxd7 11. Nd2 Nd4 12. 0-0-0 Bf5 13. Bxd4 cxd4 14. Ndf3 e5 15. Ne2 Ba3+ 16. Kb1 0-0 17. Ng3 Bg4 18. Rd3 e4 19. Nxe4 f5 20. Neg5 Rfd8 21. Nxd4 h6 22. Nge6 Rd6 23. f3 Bh5 24. h3 g5 25. h4 gxh4 26. Rxh4 Bf7 27. Rxh6 Re8 28. c5 Rd5 29. Ng5 Re1+ 0-1

[Event "Landesliga Nord U20 1819"]
[Site "Bayern"]
[Date "2018.12.08"]
[Round "2.1"]
[White "Vemmer, Tobias"]
[Black "Liess, Alexander"]
[Result "0-1"]
[WhiteElo "1323"]
[BlackElo "1850"]
[PlyCount "114"]
[EventDate "2018.11.17"]
[EventType "team-tourn"]
[EventRounds "7"]
[EventCountry "GER"]
[SourceTitle "EXT 2022"]
[Source "ChessBase"]
[SourceDate "2021.10.06"]
[SourceVersion "1"]
[SourceVersionDate "2021.10.06"]
[SourceQuality "1"]
[WhiteTeam "Jaecklechemie SC U20"]
[BlackTeam "Regensburg Bavaria U20 II"]
[WhiteTeamCountry "GER"]
[BlackTeamCountry "GER"]

1. e4 e6 2. d4 d5 3. e5 c5 4. c3 Nc6 5. Nf3 Bd7 6. Be3 Qc7 7. Bb5 Nxe5 8. Bxd7+ Nxd7 9. a3 Ngf6 10. 0-0 Bd6 11. Nbd2 0-0 12. h3 Rac8 13. Rc1 Qb6 14. Rc2 Qa6 15. Nb1 b5 16. b4 cxb4 17. axb4 Qb6 18. Ra2 Ne4 19. Ra3 Ra8 20. Qc2 a5 21. bxa5 Rxa5 22. Rxa5 Qxa5 23. Nfd2 Nxd2 24. Nxd2 Rc8 25. Rc1 Qc7 26. Nb1 Nb6 27. Bd2 Nc4 28. Be1 Ra8 29. Qb3 Qc6 30. Nd2 Bf4 31. Qc2 Ra4 32. g3 Bd6 33. Nxc4 Qxc4 34. Qb2 Ba3 35. Qc2 Bxc1 36. Qxc1 b4 37. Qc2 b3 38. Qd2 Ra1 39. f3 h6 40. Kf2 Ra2 41. Ke3 Rxd2 42. Kxd2 b2 43. Kc2 Qe2+ 44. Bd2 Qxd2+ 45. Kxd2 b1Q 46. f4 Qb2+ 47. Kd3 Qg2 48. h4 Qxg3+ 49. Ke2 Qxc3 50. f5 Qxd4 51. fxe6 Qe4+ 52. Kd2 fxe6 53. Kd1 Qg2 54. h5 d4 55. Kc1 d3 56. Kd1 Qe2+ 57. Kc1 Qc2# 0-1